<?xml version="1.0" encoding="UTF-8"?>
<record
    xmlns:xsi="http://www.w3.org/2001/XMLSchema-instance"
    xsi:schemaLocation="http://www.loc.gov/MARC21/slim http://www.loc.gov/standards/marcxml/schema/MARC21slim.xsd"
    xmlns="http://www.loc.gov/MARC21/slim">

  <leader>01487nam a22002057a 4500</leader>
  <controlfield tag="005">20240315152003.0</controlfield>
  <controlfield tag="008">240224b           ||||| |||| 00| 0 eng d</controlfield>
  <datafield tag="020" ind1=" " ind2=" ">
    <subfield code="a">9783031024498</subfield>
  </datafield>
  <datafield tag="040" ind1=" " ind2=" ">
    <subfield code="c">AL</subfield>
  </datafield>
  <datafield tag="041" ind1=" " ind2=" ">
    <subfield code="a">eng</subfield>
  </datafield>
  <datafield tag="082" ind1=" " ind2=" ">
    <subfield code="2">23</subfield>
    <subfield code="a">302.23</subfield>
    <subfield code="b">OBOC</subfield>
  </datafield>
  <datafield tag="100" ind1=" " ind2=" ">
    <subfield code="a">Neil O Boyle</subfield>
    <subfield code="9">152267</subfield>
  </datafield>
  <datafield tag="245" ind1=" " ind2=" ">
    <subfield code="a">Communication theory for humans</subfield>
    <subfield code="b">: communicators in a mediated world</subfield>
  </datafield>
  <datafield tag="260" ind1=" " ind2=" ">
    <subfield code="a">switzerland</subfield>
    <subfield code="b">Palgrave Macmillan</subfield>
    <subfield code="c">2022</subfield>
  </datafield>
  <datafield tag="300" ind1=" " ind2=" ">
    <subfield code="a">xv,216p.</subfield>
    <subfield code="b">PB</subfield>
    <subfield code="c">23.5x15cm.</subfield>
  </datafield>
  <datafield tag="365" ind1=" " ind2=" ">
    <subfield code="2">General</subfield>
    <subfield code="a">7739</subfield>
    <subfield code="b">&#x20B9;2843.00</subfield>
    <subfield code="c">&#x20B9;</subfield>
    <subfield code="d">&#x20B9;3791.00</subfield>
    <subfield code="e">25%</subfield>
    <subfield code="f">15-02-2024</subfield>
  </datafield>
  <datafield tag="520" ind1=" " ind2=" ">
    <subfield code="a">This book takes a human-centred and concept-led journey through communication theory and is aimed primarily at those who are new to communication studies. Each chapter uses a single concept &#x2013; actors, narrators, members, performers, influencers, and produsers &#x2013; to explore key ideas, theories, and thinkers. The six core concepts offer unique, though related, ways of thinking about &#x201C;flesh and blood&#x201D; human communicators in a world that is now fundamentally intertwined with media. Each chapter includes a mix of early and recent studies to enable readers to historically locate concepts and trace their evolution. Overall, the book aims to foster an appreciation of theory in readers, cultivate their theoretical sensitivity, and provide them with lots of &#x201C;real world&#x201D; examples to help them better understand how theories apply to everyday life.</subfield>
  </datafield>
  <datafield tag="650" ind1=" " ind2=" ">
    <subfield code="2">Communication</subfield>
    <subfield code="a">Social Sciences</subfield>
    <subfield code="9">152268</subfield>
  </datafield>
  <datafield tag="942" ind1=" " ind2=" ">
    <subfield code="2">ddc</subfield>
    <subfield code="c">BK</subfield>
  </datafield>
  <datafield tag="999" ind1=" " ind2=" ">
    <subfield code="c">229914</subfield>
    <subfield code="d">229914</subfield>
  </datafield>
  <datafield tag="952" ind1=" " ind2=" ">
    <subfield code="0">0</subfield>
    <subfield code="1">0</subfield>
    <subfield code="2">ddc</subfield>
    <subfield code="4">0</subfield>
    <subfield code="7">0</subfield>
    <subfield code="8">MAJMC</subfield>
    <subfield code="a">SACPG</subfield>
    <subfield code="b">SACPG</subfield>
    <subfield code="d">2024-02-23</subfield>
    <subfield code="e">Biblios Book Point</subfield>
    <subfield code="g">2843.00</subfield>
    <subfield code="l">0</subfield>
    <subfield code="o">302.23 OBOC</subfield>
    <subfield code="p">PG024619</subfield>
    <subfield code="r">2024-02-24 00:00:00</subfield>
    <subfield code="v">3791.00</subfield>
    <subfield code="w">2024-02-24</subfield>
    <subfield code="y">BK</subfield>
  </datafield>
</record>
